Second homes tax could fund affordable housing (Record no. 70497)

MARC details
000 -LEADER
fixed length control field 00960cam a2200217 4500
001 - CONTROL NUMBER
control field WB3822-25
008 - FIXED-LENGTH DATA ELEMENTS--GENERAL INFORMATION
fixed length control field 020618n2002 000 0 eng u
035 ## - SYSTEM CONTROL NUMBER
System control number (Sirsi) u118438
245 ## - TITLE STATEMENT
Title Second homes tax could fund affordable housing
260 ## - PUBLICATION, DISTRIBUTION, ETC.
Date of publication, distribution, etc. 2002
490 ## - SERIES STATEMENT
Series statement RICS News Service
Volume/sequential designation 18 June 2002, (1)
520 ## - SUMMARY, ETC.
Summary, etc. The Country Land and Business Association has welcomed a move to allow local authorities to remove the 50% tax deduction on second homes, whilst suggesting this revenue should be re-invested in affordable rural housing. To view the CLA press release: http://www.cla.org.uk/sources/27/171/4026826/02060HQ.htm To view the government's Rural White paper: http://www.defra.gov.uk/wildlife-countryside/ruralwp/cm4909/index.htm
590 ## - LOCAL NOTE (RLIN)
Local note WB
650 ## - SUBJECT ADDED ENTRY--TOPICAL TERM
Topical term or geographic name entry element CLA
650 ## - SUBJECT ADDED ENTRY--TOPICAL TERM
Topical term or geographic name entry element RURAL WHITE PAPER
650 ## - SUBJECT ADDED ENTRY--TOPICAL TERM
Topical term or geographic name entry element Affordable housing
9 (RLIN) 6215
650 ## - SUBJECT ADDED ENTRY--TOPICAL TERM
Topical term or geographic name entry element SECOND HOMES
650 ## - SUBJECT ADDED ENTRY--TOPICAL TERM
Topical term or geographic name entry element RURAL COMMUNITIES
690 ## - LOCAL SUBJECT ADDED ENTRY--TOPICAL TERM (OCLC, RLIN)
Topical term or geographic name as entry element Rural
9 (RLIN) 6268
942 ## - ADDED ENTRY ELEMENTS (KOHA)
Suppress in OPAC 0
Holdings
Withdrawn status Lost status Source of classification or shelving scheme Damaged status Not for loan Home library Current library Shelving location Date acquired Total Checkouts Full call number Barcode Date last seen Copy number Price effective from Koha item type
    Dewey Decimal Classification     London London News article 18/06/2002   WB3822-25 118438-1001 06/08/2019 1 06/08/2019 News article